[Event "ODJM B 2024"]
[Site "Willingen GER"]
[Date "2024.05.22"]
[Round "6"]
[White "Jähnert, Jamie Mares"]
[Black "Will, Elina"]
[Result "1/2-1/2"]
[Termination "normal"]
[Board "52"]
[WhiteElo "1503"]
[BlackElo "1640"]
[WhiteClock "00:52:29"]
[BlackClock "01:02:37"]
[PlyCount "60"]
[WhiteFideId "34609156"]
[BlackFideId "34623434"]
[EventCountry "GER"]
[EventRounds "9"]
[EventType "swiss"]
[EventDate "2024.05.18"]

1. e4 {[%clk 01:30:59]} d5 {[%clk 01:30:41]} {[%emt 00:00:20]} 2. exd5 {[%clk
01:31:19]} {[%emt 00:00:10]} Nf6 {[%clk 01:31:06]} {[%emt 00:00:04]} 3. d4
{[%clk 01:31:35]} {[%emt 00:00:14]} Nxd5 {[%clk 01:31:30]} {[%emt 00:00:07]} 4.
c4 {[%clk 01:31:42]} {[%emt 00:00:23]} Nf6 {[%clk 01:31:42]} {[%emt 00:00:18]}
5. g3 {[%clk 01:31:46]} {[%emt 00:00:26]} Nc6 {[%clk 01:31:40]} {[%emt
00:00:31]} 6. d5 {[%clk 01:31:36]} {[%emt 00:00:41]} Nb8 {[%clk 01:30:44]}
{[%emt 00:01:25]} 7. Bg2 {[%clk 01:31:34]} {[%emt 00:00:32]} Bf5 {[%clk
01:31:06]} {[%emt 00:00:08]} 8. Nc3 {[%clk 01:30:21]} {[%emt 00:01:44]} Na6
{[%clk 01:30:41]} {[%emt 00:00:54]} 9. a3 {[%clk 01:29:21]} {[%emt 00:01:30]}
Nc5 {[%clk 01:30:03]} {[%emt 00:01:07]} 10. Bf1 {[%clk 01:27:07]} {[%emt
00:02:45]} a5 {[%clk 01:24:00]} {[%emt 00:06:34]} 11. Be3 {[%clk 01:24:14]}
{[%emt 00:03:22]} Nfe4 {[%clk 01:19:38]} {[%emt 00:04:52]} 12. Nxe4 {[%clk
01:23:11]} {[%emt 00:01:33]} Nxe4 {[%clk 01:19:44]} {[%emt 00:00:24]} 13. Bd3
{[%clk 01:22:08]} {[%emt 00:01:33]} Bg6 {[%clk 01:19:15]} {[%emt 00:01:00]} 14.
Nh3 {[%clk 01:19:20]} {[%emt 00:03:18]} Nd6 {[%clk 01:17:58]} {[%emt 00:01:46]}
15. Nf4 {[%clk 01:16:38]} {[%emt 00:03:13]} Nf5 {[%clk 01:14:41]} {[%emt
00:03:47]} 16. Qa4+ {[%clk 01:11:53]} {[%emt 00:05:14]} Qd7 {[%clk 01:14:43]}
{[%emt 00:00:28]} 17. Qxd7+ {[%clk 01:11:55]} {[%emt 00:00:29]} Kxd7 {[%clk
01:15:02]} {[%emt 00:00:09]} 18. Nxg6 {[%clk 01:10:02]} {[%emt 00:02:24]} hxg6
{[%clk 01:15:15]} {[%emt 00:00:17]} 19. Ke2 {[%clk 01:06:21]} {[%emt 00:04:11]}
Nxe3 {[%clk 01:14:16]} {[%emt 00:01:28]} 20. fxe3 {[%clk 01:06:37]} {[%emt
00:00:14]} e6 {[%clk 01:13:47]} {[%emt 00:01:00]} 21. e4 {[%clk 01:06:44]}
{[%emt 00:00:23]} exd5 {[%clk 01:13:47]} {[%emt 00:00:30]} 22. exd5 {[%clk
01:06:58]} {[%emt 00:00:16]} Bc5 {[%clk 01:12:50]} {[%emt 00:01:27]} 23. Raf1
{[%clk 01:05:07]} {[%emt 00:02:21]} Rae8+ {[%clk 01:12:27]} {[%emt 00:00:54]}
24. Kd2 {[%clk 01:03:05]} {[%emt 00:02:32]} Be3+ {[%clk 01:10:36]} {[%emt
00:02:20]} 25. Kc2 {[%clk 01:03:02]} {[%emt 00:00:34]} Re7 {[%clk 01:10:33]}
{[%emt 00:00:31]} 26. Re1 {[%clk 00:58:22]} {[%emt 00:05:11]} Bf2 {[%clk
01:08:50]} {[%emt 00:02:13]} 27. Ref1 {[%clk 00:57:40]} {[%emt 00:01:12]} Bd4
{[%clk 01:08:52]} {[%emt 00:00:28]} 28. Rf4 {[%clk 00:56:02]} {[%emt 00:02:07]}
Bf6 {[%clk 01:09:04]} {[%emt 00:00:18]} 29. Re4 {[%clk 00:54:43]} {[%emt
00:01:50]} Be5 {[%clk 01:08:04]} {[%emt 00:01:30]} 30. Ree1 {[%clk 00:52:29]}
{[%emt 00:02:44]} Bd6 {[%clk 01:02:37]} {[%emt 00:05:57]} 1/2-1/2

[Event "ODJM B 2024"]
[Site "Willingen GER"]
[Date "2024.05.22"]
[Round "6"]
[White "De Cauter, Leah"]
[Black "Tarasenko, Ruslan"]
[Result "1-0"]
[Termination "normal"]
[Board "53"]
[WhiteElo "1617"]
[BlackElo "1525"]
[WhiteClock "00:03:08"]
[BlackClock "00:13:13"]
[PlyCount "69"]
[WhiteFideId "16222350"]
[BlackFideId "34166343"]
[EventCountry "GER"]
[EventRounds "9"]
[EventType "swiss"]
[EventDate "2024.05.18"]

1. c4 {[%clk 01:30:57]} {[%emt 00:00:02]} e5 {[%clk 01:30:43]} {[%emt
00:00:17]} 2. g3 {[%clk 01:31:22]} {[%emt 00:00:06]} Nc6 {[%clk 01:31:09]}
{[%emt 00:00:04]} 3. Bg2 {[%clk 01:31:41]} {[%emt 00:00:10]} f5 {[%clk
01:31:32]} {[%emt 00:00:08]} 4. Nc3 {[%clk 01:30:35]} {[%emt 00:01:35]} Nf6
{[%clk 01:30:12]} {[%emt 00:01:50]} 5. d3 {[%clk 01:27:42]} {[%emt 00:03:22]}
Bc5 {[%clk 01:27:37]} {[%emt 00:03:06]} 6. e3 {[%clk 01:17:09]} {[%emt
00:11:03]} d6 {[%clk 01:23:32]} {[%emt 00:04:35]} 7. Nge2 {[%clk 01:14:43]}
{[%emt 00:02:56]} O-O {[%clk 01:19:08]} {[%emt 00:04:53]} 8. O-O {[%clk
01:15:00]} {[%emt 00:00:13]} Be6 {[%clk 01:15:51]} {[%emt 00:03:48]} 9. a3
{[%clk 01:10:20]} {[%emt 00:05:10]} Bb6 {[%clk 01:06:18]} {[%emt 00:10:02]} 10.
Na4 {[%clk 00:58:23]} {[%emt 00:12:28]} e4 {[%clk 00:58:56]} {[%emt 00:07:52]}
11. Nxb6 {[%clk 00:47:43]} {[%emt 00:11:10]} axb6 {[%emt 00:00:09]} 12. b3
{[%clk 00:47:27]} {[%emt 00:00:45]} Qd7 {[%clk 00:56:37]} {[%emt 00:03:12]} 13.
Nc3 {[%clk 00:40:20]} {[%emt 00:07:36]} Rae8 {[%clk 00:47:03]} {[%emt
00:10:04]} 14. dxe4 {[%clk 00:40:01]} {[%emt 00:00:49]} fxe4 {[%clk 00:47:23]}
{[%emt 00:00:09]} 15. Nxe4 {[%clk 00:39:55]} {[%emt 00:00:36]} Nxe4 {[%clk
00:45:21]} {[%emt 00:02:33]} 16. Bxe4 {[%clk 00:40:18]} {[%emt 00:00:07]} Bg4
{[%clk 00:45:11]} {[%emt 00:00:39]} 17. Qc2 {[%clk 00:27:45]} {[%emt 00:13:03]}
Bf5 {[%clk 00:41:36]} {[%emt 00:04:05]} 18. Bxf5 {[%clk 00:25:47]} {[%emt
00:02:28]} Rxf5 {[%clk 00:41:40]} {[%emt 00:00:27]} 19. f4 {[%clk 00:23:19]}
{[%emt 00:02:57]} Rh5 {[%clk 00:38:11]} {[%emt 00:04:00]} 20. Qe2 {[%clk
00:16:05]} {[%emt 00:07:39]} Qh3 {[%clk 00:37:13]} {[%emt 00:01:33]} 21. Qg2
{[%clk 00:14:32]} {[%emt 00:02:02]} Qg4 {[%clk 00:36:37]} {[%emt 00:01:06]} 22.
h4 {[%clk 00:13:03]} {[%emt 00:01:59]} Ne7 {[%clk 00:35:04]} {[%emt 00:02:04]}
23. e4 {[%clk 00:11:43]} {[%emt 00:01:50]} Nc6 {[%clk 00:33:10]} {[%emt
00:02:24]} 24. Kh2 {[%clk 00:06:22]} {[%emt 00:05:50]} Nd4 {[%clk 00:30:31]}
{[%emt 00:03:09]} 25. Rb1 {[%clk 00:06:04]} {[%emt 00:00:49]} c6 {[%clk
00:29:27]} {[%emt 00:01:33]} 26. Rf2 {[%clk 00:05:54]} {[%emt 00:00:40]} c5
{[%clk 00:24:28]} {[%emt 00:05:30]} 27. Be3 {[%clk 00:05:49]} {[%emt 00:00:34]}
Nc6 {[%clk 00:24:44]} {[%emt 00:00:14]} 28. Re2 {[%clk 00:03:45]} {[%emt
00:02:34]} Re6 {[%clk 00:24:20]} {[%emt 00:00:54]} 29. Rf1 {[%clk 00:03:14]}
{[%emt 00:01:01]} g5 {[%clk 00:18:41]} {[%emt 00:06:10]} 30. fxg5 {[%clk
00:02:52]} {[%emt 00:00:52]} Rxe4 {[%clk 00:19:06]} {[%emt 00:00:04]} 31. Rf4
{[%clk 00:02:46]} {[%emt 00:00:36]} Rxf4 {[%clk 00:18:29]} {[%emt 00:01:08]}
32. Bxf4 {[%clk 00:02:53]} {[%emt 00:00:22]} Nd4 {[%clk 00:18:05]} {[%emt
00:00:55]} 33. Qd5+ {[%clk 00:02:39]} {[%emt 00:00:44]} Kf8 {[%clk 00:12:49]}
{[%emt 00:05:45]} 34. Bxd6+ {[%clk 00:03:02]} {[%emt 00:00:08]} Kg7 {[%clk
00:13:13]} {[%emt 00:00:04]} 35. Re7+ {[%clk 00:03:08]} {[%emt 00:00:26]} 1-0

[Event "ODJM B 2024"]
[Site "Willingen GER"]
[Date "2024.05.22"]
[Round "6"]
[White "Hoffmann, Svenja"]
[Black "Rabus, Johann"]
[Result "1-0"]
[Termination "normal"]
[Board "54"]
[WhiteElo "1621"]
[BlackElo "1597"]
[WhiteClock "00:56:49"]
[BlackClock "00:59:58"]
[PlyCount "81"]
[WhiteFideId "16287312"]
[BlackFideId "34602950"]
[EventCountry "GER"]
[EventRounds "9"]
[EventType "swiss"]
[EventDate "2024.05.18"]

1. e4 {[%clk 01:30:58]} {[%emt 00:00:01]} c6 {[%clk 01:30:56]} {[%emt
00:00:05]} 2. d4 {[%clk 01:31:01]} {[%emt 00:00:27]} d5 {[%clk 01:31:18]}
{[%emt 00:00:08]} 3. exd5 {[%clk 01:30:27]} {[%emt 00:01:03]} cxd5 {[%clk
01:31:40]} {[%emt 00:00:08]} 4. Nf3 {[%clk 01:30:32]} {[%emt 00:00:25]} Nf6
{[%clk 01:29:25]} {[%emt 00:02:46]} 5. Bf4 {[%clk 01:27:02]} {[%emt 00:04:00]}
Bg4 {[%clk 01:29:32]} {[%emt 00:00:23]} 6. Be2 {[%clk 01:27:25]} {[%emt
00:00:07]} Bxf3 {[%clk 01:28:08]} {[%emt 00:01:53]} 7. Bxf3 {[%clk 01:27:29]}
{[%emt 00:00:26]} Nc6 {[%clk 01:26:54]} {[%emt 00:01:45]} 8. Nc3 {[%clk
01:27:35]} {[%emt 00:00:24]} e6 {[%clk 01:25:17]} {[%emt 00:02:07]} 9. O-O
{[%clk 01:25:51]} {[%emt 00:02:13]} Qb6 {[%clk 01:23:44]} {[%emt 00:02:04]} 10.
Ne2 {[%clk 01:24:43]} {[%emt 00:01:38]} Qxb2 {[%clk 01:17:09]} {[%emt
00:07:05]} 11. Rb1 {[%clk 01:25:03]} {[%emt 00:00:11]} Qxa2 {[%clk 01:17:31]}
{[%emt 00:00:08]} 12. Rxb7 {[%clk 01:25:28]} {[%emt 00:00:05]} Qa6 {[%clk
01:17:53]} {[%emt 00:00:07]} 13. Qb1 {[%clk 01:22:31]} {[%emt 00:03:26]} Bb4
{[%clk 01:16:38]} {[%emt 00:01:47]} 14. Rc7 {[%clk 01:22:51]} {[%emt 00:00:10]}
O-O {[%clk 01:15:11]} {[%emt 00:01:57]} 15. c3 {[%clk 01:23:03]} {[%emt
00:00:17]} Ba5 {[%clk 01:15:24]} {[%emt 00:00:17]} 16. Rb7 {[%clk 01:21:08]}
{[%emt 00:02:26]} Bb6 {[%clk 01:15:17]} {[%emt 00:00:36]} 17. Rxb6 {[%clk
01:20:33]} {[%emt 00:01:05]} Qxb6 {[%clk 01:14:29]} {[%emt 00:01:19]} 18. Qd3
{[%clk 01:20:55]} {[%emt 00:00:07]} Na5 {[%clk 01:13:24]} {[%emt 00:01:36]} 19.
Rb1 {[%clk 01:20:43]} {[%emt 00:00:41]} Qc6 {[%clk 01:12:49]} {[%emt 00:00:57]}
20. Ng3 {[%clk 01:18:59]} {[%emt 00:02:22]} Nc4 {[%clk 01:09:25]} {[%emt
00:03:54]} 21. Bg5 {[%clk 01:16:06]} {[%emt 00:03:23]} Nd7 {[%clk 01:08:56]}
{[%emt 00:00:58]} 22. Be2 {[%clk 01:12:15]} {[%emt 00:04:22]} a5 {[%clk
01:08:47]} {[%emt 00:00:39]} 23. Qc2 {[%emt 00:00:27]} Ndb6 {[%clk 01:09:12]}
24. Qc1 {[%clk 01:12:22]} {[%emt 00:00:31]} a4 {[%clk 01:09:05]} {[%emt
00:00:37]} 25. Bd3 {[%clk 01:10:38]} {[%emt 00:02:14]} a3 {[%clk 01:09:16]}
{[%emt 00:00:19]} 26. Bh6 {[%clk 01:10:29]} {[%emt 00:00:39]} f6 {[%clk
01:06:32]} {[%emt 00:03:14]} 27. Nh5 {[%clk 01:10:19]} {[%emt 00:00:40]} Rf7
{[%clk 01:06:31]} {[%emt 00:00:28]} 28. Bxg7 {[%clk 01:04:59]} {[%emt
00:05:53]} Rxg7 {[%clk 01:06:45]} {[%emt 00:00:16]} 29. Nxf6+ {[%clk 01:05:23]}
{[%emt 00:00:06]} Kf7 {[%clk 01:06:11]} {[%emt 00:01:05]} 30. Nxh7 {[%clk
01:05:31]} {[%emt 00:00:21]} Ke7 {[%clk 01:05:30]} {[%emt 00:01:10]} 31. Qh6
{[%clk 01:05:22]} {[%emt 00:00:41]} Rag8 {[%clk 01:05:13]} {[%emt 00:00:46]}
32. Qh4+ {[%clk 01:04:31]} {[%emt 00:01:21]} Kd7 {[%clk 01:02:38]} {[%emt
00:03:06]} 33. Nf6+ {[%clk 01:04:45]} {[%emt 00:00:15]} Kc7 {[%clk 01:02:59]}
{[%emt 00:00:09]} 34. Nxg8 {[%clk 01:05:01]} {[%emt 00:00:14]} a2 {[%clk
01:02:44]} {[%emt 00:00:45]} 35. Ra1 {[%clk 01:04:05]} {[%emt 00:01:26]} Qa4
{[%clk 01:02:25]} {[%emt 00:00:49]} 36. Qf4+ {[%clk 01:03:33]} {[%emt
00:01:02]} Kc6 {[%clk 01:02:29]} {[%emt 00:00:26]} 37. Qf8 {[%clk 01:03:10]}
{[%emt 00:00:53]} Qa3 {[%clk 01:01:59]} {[%emt 00:01:00]} 38. Qxa3 {[%clk
00:59:03]} {[%emt 00:04:37]} Nxa3 {[%clk 00:59:19]} {[%emt 00:03:10]} 39. Rxa2
{[%clk 00:58:08]} {[%emt 00:01:25]} Rxg8 {[%clk 00:59:36]} {[%emt 00:00:13]}
40. Rxa3 {[%clk 00:58:29]} {[%emt 00:00:09]} Rb8 {[%clk 00:59:58]} {[%emt
00:00:08]} 41. Kf1 {[%clk 00:56:49]} {[%emt 00:02:10]} 1-0

[Event "ODJM B 2024"]
[Site "Willingen GER"]
[Date "2024.05.22"]
[Round "6"]
[White "Fischer, Quirin"]
[Black "Ahmadov, Ahmad"]
[Result "1-0"]
[Termination "normal"]
[Board "55"]
[WhiteElo "1636"]
[BlackElo "1729"]
[WhiteClock "01:30:13"]
[BlackClock "01:13:00"]
[PlyCount "57"]
[WhiteFideId "34623787"]
[BlackFideId "34661018"]
[EventCountry "GER"]
[EventRounds "9"]
[EventType "swiss"]
[EventDate "2024.05.18"]

1. c4 {[%clk 01:30:59]} {[%emt 00:00:01]} e5 {[%clk 01:29:55]} {[%emt
00:01:05]} 2. Nc3 {[%clk 01:31:21]} {[%emt 00:00:08]} Nf6 {[%clk 01:30:11]}
{[%emt 00:00:15]} 3. d3 {[%clk 01:31:39]} {[%emt 00:00:11]} d5 {[%clk
01:28:53]} {[%emt 00:01:48]} 4. cxd5 {[%clk 01:32:00]} {[%emt 00:00:08]} Nxd5
{[%clk 01:29:03]} {[%emt 00:00:21]} 5. g3 {[%clk 01:32:15]} {[%emt 00:00:15]}
Bb4 {[%clk 01:27:42]} {[%emt 00:01:51]} 6. Bd2 {[%clk 01:32:16]} {[%emt
00:00:29]} Nxc3 {[%clk 01:26:39]} {[%emt 00:01:33]} 7. Bxc3 {[%clk 01:32:24]}
{[%emt 00:00:22]} Bxc3+ {[%clk 01:26:58]} {[%emt 00:00:11]} 8. bxc3 {[%clk
01:32:49]} {[%emt 00:00:05]} O-O {[%clk 01:26:32]} {[%emt 00:00:57]} 9. Bg2
{[%clk 01:33:09]} {[%emt 00:00:09]} c6 {[%clk 01:26:32]} {[%emt 00:00:30]} 10.
Nf3 {[%clk 01:33:26]} {[%emt 00:00:13]} Re8 {[%clk 01:25:20]} {[%emt 00:01:42]}
11. O-O {[%clk 01:33:43]} {[%emt 00:00:13]} Qa5 {[%clk 01:24:38]} {[%emt
00:01:12]} 12. Qc1 {[%clk 01:32:57]} {[%emt 00:01:16]} f6 {[%clk 01:24:38]}
{[%emt 00:00:30]} 13. Qb2 {[%clk 01:32:40]} {[%emt 00:00:48]} Qb6 {[%clk
01:22:36]} {[%emt 00:02:31]} 14. Qb3+ {[%clk 01:31:57]} {[%emt 00:01:13]} Be6
{[%clk 01:22:30]} {[%emt 00:00:35]} 15. c4 {[%clk 01:31:59]} {[%emt 00:00:29]}
Nd7 {[%clk 01:22:34]} {[%emt 00:00:26]} 16. Rab1 {[%clk 01:31:32]} {[%emt
00:00:57]} Nc5 {[%clk 01:19:41]} {[%emt 00:03:23]} 17. Qa3 {[%clk 01:31:10]}
{[%emt 00:00:52]} Qa6 {[%clk 01:15:32]} {[%emt 00:04:40]} 18. Qxc5 {[%clk
01:31:10]} {[%emt 00:00:29]} Qxa2 {[%clk 01:15:50]} {[%emt 00:00:12]} 19. Rxb7
{[%clk 01:31:06]} {[%emt 00:00:34]} Qxe2 {[%clk 01:15:52]} {[%emt 00:00:27]}
20. Qxc6 {[%clk 01:31:04]} {[%emt 00:00:33]} Qxd3 {[%clk 01:15:57]} {[%emt
00:00:25]} 21. Qc7 {[%clk 01:31:23]} {[%emt 00:00:11]} Qg6 {[%clk 01:15:36]}
{[%emt 00:00:50]} 22. Nh4 {[%clk 01:31:08]} {[%emt 00:00:45]} Qg5 {[%clk
01:15:11]} {[%emt 00:00:55]} 23. Rxa7 {[%clk 01:30:57]} {[%emt 00:00:42]} Rxa7
{[%clk 01:14:49]} {[%emt 00:00:53]} 24. Qxa7 {[%clk 01:31:18]} {[%emt
00:00:08]} Bxc4 {[%clk 01:15:12]} {[%emt 00:00:06]} 25. Qd7 {[%clk 01:29:22]}
{[%emt 00:02:26]} Bf7 {[%clk 01:13:38]} {[%emt 00:02:05]} 26. Bd5 {[%clk
01:29:34]} {[%emt 00:00:17]} Rf8 {[%clk 01:13:02]} {[%emt 00:01:06]} 27. Rd1
{[%clk 01:29:37]} {[%emt 00:00:26]} Qh5 {[%clk 01:12:42]} {[%emt 00:00:52]} 28.
Bxf7+ {[%clk 01:29:52]} {[%emt 00:00:15]} Rxf7 {[%clk 01:13:00]} {[%emt
00:00:12]} 29. Qe8+ {[%clk 01:30:13]} {[%emt 00:00:08]} 1-0

[Event "ODJM B 2024"]
[Site "Willingen GER"]
[Date "2024.05.22"]
[Round "6"]
[White "Barthelmes, Venice"]
[Black "Greiner, Jan Oluf"]
[Result "1-0"]
[Termination "normal"]
[Board "56"]
[WhiteElo "1655"]
[BlackElo "1634"]
[WhiteClock "00:34:16"]
[BlackClock "00:48:01"]
[PlyCount "61"]
[WhiteFideId "16261003"]
[BlackFideId "34632069"]
[EventCountry "GER"]
[EventRounds "9"]
[EventType "swiss"]
[EventDate "2024.05.18"]

1. e4 {[%clk 01:30:56]} {[%emt 00:00:02]} e5 {[%clk 01:30:59]} {[%emt
00:00:02]} 2. Nf3 {[%clk 01:31:18]} {[%emt 00:00:08]} Nc6 {[%clk 01:31:24]}
{[%emt 00:00:05]} 3. Bb5 {[%clk 01:31:34]} {[%emt 00:00:13]} Nf6 {[%clk
01:31:47]} {[%emt 00:00:07]} 4. d3 {[%clk 01:31:50]} {[%emt 00:00:15]} d6
{[%clk 01:32:10]} {[%emt 00:00:07]} 5. c3 {[%clk 01:31:57]} {[%emt 00:00:23]}
a6 {[%clk 01:32:14]} {[%emt 00:00:27]} 6. Ba4 {[%clk 01:32:09]} {[%emt
00:00:18]} Bg4 {[%clk 01:32:27]} {[%emt 00:00:15]} 7. Nbd2 {[%clk 01:31:47]}
{[%emt 00:00:52]} Be7 {[%clk 01:32:50]} {[%emt 00:00:08]} 8. O-O {[%clk
01:32:00]} {[%emt 00:00:17]} O-O {[%clk 01:33:15]} {[%emt 00:00:04]} 9. Re1
{[%clk 01:31:47]} {[%emt 00:00:44]} b5 {[%clk 01:33:00]} {[%emt 00:00:44]} 10.
Bc2 {[%clk 01:32:06]} {[%emt 00:00:12]} d5 {[%clk 01:32:37]} {[%emt 00:00:53]}
11. Nf1 {[%clk 01:24:14]} {[%emt 00:08:22]} d4 {[%clk 01:30:51]} {[%emt
00:02:16]} 12. h3 {[%clk 01:22:12]} {[%emt 00:02:31]} Bxf3 {[%clk 01:29:17]}
{[%emt 00:02:04]} 13. Qxf3 {[%clk 01:22:07]} {[%emt 00:00:35]} Re8 {[%clk
01:27:47]} {[%emt 00:02:01]} 14. Ng3 {[%clk 01:18:49]} {[%emt 00:03:48]} dxc3
{[%clk 01:27:30]} {[%emt 00:00:47]} 15. bxc3 {[%clk 01:19:02]} {[%emt
00:00:17]} b4 {[%clk 01:27:46]} {[%emt 00:00:14]} 16. Bb2 {[%clk 01:15:15]}
{[%emt 00:04:17]} bxc3 {[%clk 01:25:46]} {[%emt 00:02:30]} 17. Bxc3 {[%clk
01:15:37]} {[%emt 00:00:08]} Qd6 {[%clk 01:20:27]} {[%emt 00:05:47]} 18. Nf5
{[%clk 01:13:09]} {[%emt 00:02:59]} Qc5 {[%clk 01:17:58]} {[%emt 00:03:00]} 19.
Ba4 {[%clk 01:07:46]} {[%emt 00:05:54]} Bf8 {[%clk 00:59:44]} {[%emt 00:18:43]}
20. Rac1 {[%clk 00:57:42]} {[%emt 00:10:34]} Re6 {[%clk 00:58:54]} {[%emt
00:01:17]} 21. Bb3 {[%clk 00:50:43]} {[%emt 00:07:31]} Ree8 {[%clk 00:55:43]}
{[%emt 00:03:41]} 22. Qg3 {[%clk 00:47:50]} {[%emt 00:03:22]} Qa7 {[%clk
00:50:03]} {[%emt 00:06:09]} 23. Nh6+ {[%clk 00:44:43]} {[%emt 00:03:39]} Kh8
{[%clk 00:49:35]} {[%emt 00:00:58]} 24. Nxf7+ {[%clk 00:44:50]} {[%emt
00:00:23]} Kg8 {[%clk 00:49:58]} {[%emt 00:00:08]} 25. Nxe5+ {[%clk 00:44:35]}
{[%emt 00:00:45]} Kh8 {[%clk 00:49:36]} {[%emt 00:00:51]} 26. Nxc6 {[%clk
00:44:44]} {[%emt 00:00:21]} Qb6 {[%clk 00:48:05]} {[%emt 00:02:01]} 27. Nd4
{[%clk 00:39:41]} {[%emt 00:05:34]} Bc5 {[%clk 00:48:07]} {[%emt 00:00:27]} 28.
Nf5 {[%clk 00:36:29]} {[%emt 00:03:41]} g6 {[%clk 00:47:23]} {[%emt 00:01:14]}
29. Bxf6+ {[%clk 00:34:12]} {[%emt 00:02:48]} Qxf6 {[%clk 00:47:43]} {[%emt
00:00:10]} 30. Rxc5 {[%clk 00:34:11]} {[%emt 00:00:31]} gxf5 {[%clk 00:48:01]}
{[%emt 00:00:12]} 31. Rxf5 {[%clk 00:34:16]} {[%emt 00:00:25]} 1-0